| 000 | 00894cam a22002055a 4500 | ||
|---|---|---|---|
| 001 | ##J100711 | ||
| 008 | 000000s1910 000 0 eng u | ||
| 035 | _a(Sirsi) u100711 | ||
| 041 | 0 | _aeng | |
| 050 | 0 | 4 | _a632.68 $2 2 |
| 100 | 1 | _aCollinge, Walter E. | |
| 245 | 0 | 0 | _aReport to the council of the Land Agents' Society upon the feeding habits of the rook |
| 260 |
_aLondon _bLaughton _c1910 |
||
| 300 |
_a23p. _c21cm. |
||
| 520 | _aReports on an inquiry into the feeding habits of the rook that was carried out in September, 1908. The study was untaken as a result of many farmers in England and Wales complaining of serious depredations and losses due to this bird. It was found that the main source of this bird's diet is grain, thus proving a nuisance for agriculturists. | ||
| 651 | 4 |
_aGreat Britain _y1707- |
|
| 690 |
_aRural _96268 |
||
| 710 | 2 | _aLand Agents' Society | |
| 942 | _n0 | ||
| 999 |
_c99768 _d99768 |
||